| 000 | 00732cab a2200229 4500 | ||
|---|---|---|---|
| 001 | WB2849-54 | ||
| 008 | 090401t1992 xxu||||| |||| 00| 0 eng d | ||
| 035 | _a(Sirsi) u46732 | ||
| 041 | _aeng | ||
| 245 | _aOutcome of autumn review | ||
| 260 | _c1992 | ||
| 350 | _a0 | ||
| 490 |
_aMAFF News Release _v(402/92) 10 December 1992 (3) |
||
| 520 | _aReports on the Autumn Review of hill and upland farming, commenting on Hill Livestock Compensation Allowances, Severely Disadvantaged Areas and Less Favoured Areas. | ||
| 650 | _aEWE PREMIUMS | ||
| 650 | _aHILL FARMING | ||
| 650 | _aHILL LIVESTOCK COMPENSATORY ALLOWANCES | ||
| 650 | _aLESS FAVOURED AREAS | ||
| 690 | _aRURAL PRACTICE | ||
| 942 | _n0 | ||
| 948 | _c04/03/1997 | ||
| 999 |
_c29535 _d29535 |
||